Trey Songz Charting Songs (Billboard Hot 100) - Statistics

General Stats
  • This quiz has been taken 17 times
  • The average score is 16 of 36
Answer Stats
Album Weeks On Peak Artist(s) Song % Correct
Passion, Pain & Pleasure 26 Weeks #6 Trey Songz ft. Nicki Minaj Bottoms Up
86%
Trigga 28 Weeks #21 Trey Songz Na Na
79%
Ready 29 Weeks #9 Trey Songz ft. Fabolous Say Aah
79%
Ready 20 Weeks #42 Trey Songz ft. Drake I Invented Sex
71%
Ready 8 Weeks #51 Trey Songz ft. Gucci Mane & Soulja Boy Tell'em LOL :-)
71%
So Far Gone 18 Weeks #17 Drake ft. Trey Songz & Lil Wayne Successful
71%
Islah 1 Week #97 Kevin Gates ft. Trey Songz, Ty Dolla $ign & Jamie Foxx Jam
64%
Passion, Pain & Pleasure 16 Weeks #63 Trey Songz Love Faces
64%
Trigga Reloaded 26 Weeks #26 Trey Songz Slow Motion
64%
Cole World: The Sideline Story 20 Weeks #52 J Cole ft. Trey Songz Can't Get Enough
57%
Battle of the Sexes 11 Weeks #69 Ludacris ft. Trey Songz Sex Room
57%
Stay Trippy 19 Weeks #74 Juicy J ft. Wale & Trey Songz Bounce It
50%
Trey Day 24 Weeks #14 Trey Songz Can't Help But Wait
50%
Chapter V 26 Weeks #35 Trey Songz Heart Attack
50%
Trigga 20 Weeks #43 Trey Songz ft. Nicki Minaj Touchin, Lovin
50%
Trigga Reloaded 3 Weeks #83 Trey Songz About You
43%
Passion, Pain & Pleasure 20 Weeks #43 Trey Songz Can't Be Friends
43%
Trigga 10 Weeks #84 Trey Songz Foreign
43%
Triple F Life: Friends, Fans and Family 1 Week #64 Waka Flocka Flame ft. Trey Songz I Don't Really Care
43%
Pretty Girls Like Trap Music 20 Weeks #44 2 Chainz ft. Ty Dolla $ign, Trey Songz & Jhene Aiko It's a Vibe
43%
Ready 20 Weeks #43 Trey Songz Neighbors Know My Name
43%
Gutta 1 Week #90 Ace Hood ft. Trey Songz Ride
43%
Chapter V 20 Weeks #43 Trey Songz ft. T.I. 2 Reasons
36%
I Gotta Make It 7 Weeks #87 Trey Songz ft. Twista Gotta Make It
36%
Non-Album Single 9 Weeks #80 B.o.B ft. Trey Songz Not for Long
36%
The Voice 3 Weeks #76 Mike Jones ft. Trey Songz & Twista Cuddy Buddy
29%
Ready 16 Weeks #59 Trey Songz I Need a Girl
29%
Trey Day 13 Weeks #69 Trey Songz Last Time
29%
Lasers 17 Weeks #40 Lupe Fiasco ft. Trey Songz Out Of My Head
29%
Passion, Pain & Pleasure 11 Weeks #68 Trey Songz ft. Drake Unusual
29%
New Joc City 6 Weeks #82 Yung Joc ft. Marques Houston & Trey Songz 1st Time
21%
Chapter V 12 Weeks #77 Trey Songz Dive In
21%
I Gotta Make It 18 Weeks #67 Trey Songz Gotta Go
21%
Tremaine the Album 3 Weeks #92 Trey Songz Nobody Else But You
21%
The Day After 20 Weeks #14 Twista ft. Trey Songz Girl Tonite
14%
Inevitable 6 Weeks #80 Trey Songz Sex Ain't Better Than Love
14%
No matching quizzes found
Score Distribution
Percent of People with Each Score
Percentile by Number Answered
Your Score History
You have not taken this quiz